000 00347nam a2200145Ia 4500
008 200615s9999||||xx |||||||||||||| ||und||
020 _a9788122430905
082 _a621.3
_bHIG-C
100 _aC.L.WADHWA
245 0 _aHIGH VOLTAGE ENGINEERING
250 _a3RD
260 _anew delhi
_bNEW AGE INTERNATIONAL
_c2018
300 _a0
942 _cBK
999 _c28937
_d28937